[Event "Mondiale Lampo FIDE 2019"]
[Site "Mosca"]
[Date "29.12.2019"]
[Round "2.76"]
[White "Sutovsky, Emil"]
[Black "Tissir, Mohamed"]
[Result "1-0"]
[WhiteTitle "GM"]
[BlackTitle "IM"]
[WhiteElo "2643"]
[BlackElo "2379"]
[WhiteFideId "2802007"]
[BlackFideId "9000240"]
[EventDate "2019.12.29"]

1. e4 c5 2. Nf3 e6 3. Nc3 a6 4. d4 cxd4 5. Nxd4 d6 6. g4 Nf6 7. g5 Nfd7 8. h4 b5
9. Bg2 Bb7 10. Be3 b4 11. Nce2 Nc5 12. Ng3 Nbd7 13. Qe2 Rc8 14. O-O-O Qa5 15.
Kb1 Na4 16. Nb3 Qc7 17. h5 a5 18. g6 Nxb2 19. Kxb2 a4 20. Nd4 Ne5 21. Qb5+ Ke7
22. Qxb4 Bxe4 23. Bxe4 Rb8 24. Nb5 Nc4+ 25. Kc1 Nxe3 26. fxe3 Qb6 27. Qd4 Qxb5
28. Qxd6+ Kf6 29. Rhf1+ 1-0

[Event "Mondiale Lampo FIDE 2019"]
[Site "Mosca"]
[Date "29.12.2019"]
[Round "2.77"]
[White "Yilmaz, Mustafa"]
[Black "Indjic, Aleksandar"]
[Result "1-0"]
[WhiteTitle "GM"]
[BlackTitle "GM"]
[WhiteElo "2604"]
[BlackElo "2619"]
[WhiteFideId "6302718"]
[BlackFideId "911925"]
[EventDate "2019.12.29"]

1. d4 Nf6 2. c4 e6 3. Nf3 c5 4. d5 d6 5. Nc3 g6 6. e4 Bg7 7. Be2 O-O 8. O-O Re8
9. h3 Na6 10. dxe6 Rxe6 11. Bd3 Nb4 12. Bf4 h6 13. Qd2 b6 14. Rad1 Nxd3 15. Qxd3
Bb7 16. e5 Nh5 17. Bh2 Bxf3 18. Qxf3 Bxe5 19. Bxe5 Rxe5 20. Ne4 Rb8 21. g4 Qe7
22. Nxd6 Nf6 23. Rd3 h5 24. Qf4 Kg7 25. g5 Nh7 26. Nxf7 Qxf7 27. Qxe5+ 1-0

[Event "Mondiale Lampo FIDE 2019"]
[Site "Mosca"]
[Date "29.12.2019"]
[Round "2.78"]
[White "Riazantsev, Alexander"]
[Black "Tsoi, Dmitry"]
[Result "1-0"]
[WhiteTitle "GM"]
[BlackTitle "FM"]
[WhiteElo "2639"]
[BlackElo "2321"]
[WhiteFideId "4125029"]
[BlackFideId "24194697"]
[EventDate "2019.12.29"]

1. d4 f5 2. g3 Nf6 3. Bg2 e6 4. c4 d5 5. Nc3 c6 6. Nh3 Bd6 7. O-O O-O 8. Qc2 Qe7
9. Bf4 Ne4 10. Bxd6 Nxd6 11. cxd5 exd5 12. Nf4 Nd7 13. e3 Ne4 14. Nd3 Ndf6 15.
Ne5 Nd7 16. f4 Nxe5 17. fxe5 Qg5 18. Qe2 Be6 19. Rac1 a5 20. Na4 h5 21. Nc5 Nxc5
22. Rxc5 h4 23. Qf2 hxg3 24. Qxg3 Qxg3 25. hxg3 a4 26. Bf3 Ra6 27. Rc2 a3 28. b3
g5 29. Be2 Rb6 30. Bd3 Kg7 31. Rcf2 c5 32. dxc5 Rc6 33. b4 b6 34. Rc1 bxc5 35.
bxc5 Rfc8 36. Rfc2 Rb8 37. Rc3 d4 38. exd4 Bd5 39. Bc4 Be4 40. e6 Rh8 41. Bb3
Rcc8 42. d5 Rh1+ 43. Kf2 Rh3 44. d6 Rch8 45. e7 Kf6 46. Ba4 f4 47. gxf4 Rh2+ 48.
Ke3 Bg6 49. fxg5+ Ke5 50. Rf1 R8h4 51. Bc6 Rxa2 1-0

[Event "Mondiale Lampo FIDE 2019"]
[Site "Mosca"]
[Date "29.12.2019"]
[Round "2.79"]
[White "Kim, Alexey"]
[Black "Shimanov, Aleksandr"]
[Result "1-0"]
[WhiteTitle "GM"]
[BlackTitle "GM"]
[WhiteElo "2464"]
[BlackElo "2587"]
[WhiteFideId "4129776"]
[BlackFideId "4198603"]
[EventDate "2019.12.29"]

1. e4 c6 2. d4 d5 3. Nd2 dxe4 4. Nxe4 Nf6 5. Nxf6+ exf6 6. c3 Bd6 7. Bd3 O-O 8.
Qc2 g6 9. Ne2 f5 10. h4 Be6 11. Bf4 Bxf4 12. Nxf4 Qd6 13. g3 Bd5 14. O-O Nd7 15.
Rfe1 Nf6 16. Re2 Rad8 17. Rae1 Be4 18. Bxe4 Nxe4 19. Kg2 c5 20. f3 Nf6 21. Rd2
cxd4 22. Rxd4 Qa6 23. Rxd8 Rxd8 24. b3 Qd6 25. c4 Qd4 26. Re2 a6 27. Qb2 Qd6 28.
c5 Qc6 29. b4 Nd5 30. Nxd5 Qxd5 31. a4 Qc4 32. Rd2 Re8 33. Kf2 h5 34. Qd4 Qb3
35. a5 Qb1 36. Re2 Rf8 37. Kg2 Qb3 38. Kf2 Qa4 39. Re7 Qa2+ 40. Re2 Qb3 41. Kg2
Qb1 42. Re7 Qc2+ 43. Kh3 f4 44. Qxf4 Qf2 45. Qe3 Qf1+ 46. Kh2 Qb1 47. Qd2 Qf5
48. f4 Qc8 49. Qd5 Qg4 50. Qxb7 Rd8 51. Qg2 Qd1 52. Re2 Qd3 53. Qf2 Qb1 54. c6
Qxb4 1-0

[Event "Mondiale Lampo FIDE 2019"]
[Site "Mosca"]
[Date "29.12.2019"]
[Round "2.80"]
[White "Paravyan, David"]
[Black "Tregubov, Pavel V."]
[Result "1-0"]
[WhiteTitle "GM"]
[BlackTitle "GM"]
[WhiteElo "2629"]
[BlackElo "2588"]
[WhiteFideId "4194985"]
[BlackFideId "4115341"]
[EventDate "2019.12.29"]

1. e4 e5 2. Nf3 Nf6 3. Nxe5 d6 4. Nf3 Nxe4 5. d4 d5 6. Bd3 Bd6 7. O-O O-O 8. c4
c6 9. Qb3 Na6 10. Re1 Nb4 11. Bf1 a5 12. Nc3 Nxc3 13. bxc3 dxc4 14. Bxc4 a4 15.
Qb1 Nd5 16. Bd2 h6 17. Bd3 b5 18. Ne5 Qc7 19. c4 bxc4 20. Bxc4 Ba6 21. Qc2 Rfe8
22. Bxa6 Rxa6 23. Qc4 Qb7 24. Rab1 Qa8 25. g3 a3 26. Rb3 Ra4 27. Qxc6 Qxc6 28.
Nxc6 Rxe1+ 29. Bxe1 Rc4 30. Ne5 Rxd4 31. Nf3 Rd1 32. Kg2 Ra1 33. Rd3 Bb4 34.
Rxd5 Bxe1 35. Nxe1 Rxe1 36. Rd3 h5 37. Rxa3 Ra1 38. Ra7 g6 39. Kf3 Kg7 40. h4
Kf6 41. Kf4 Rf1 42. Ra6+ Kg7 43. Ke3 Re1+ 44. Kd2 Rf1 45. Ke2 Ra1 46. a4 Ra3 47.
a5 Ra2+ 48. Ke3 Ra3+ 49. Kd4 Rf3 50. Rc6 Rxf2 51. a6 Ra2 52. Kc5 Ra3 1-0

[Event "Mondiale Lampo FIDE 2019"]
[Site "Mosca"]
[Date "29.12.2019"]
[Round "2.81"]
[White "Bocharov, Dmitry"]
[Black "Rychagov, Andrey"]
[Result "1-0"]
[WhiteTitle "GM"]
[BlackTitle "GM"]
[WhiteElo "2524"]
[BlackElo "2545"]
[WhiteFideId "4138716"]
[BlackFideId "4119932"]
[EventDate "2019.12.29"]

1. c4 e6 2. Nf3 d5 3. e3 Nf6 4. b3 Be7 5. Bb2 O-O 6. Nc3 b6 7. cxd5 exd5 8. d4
c6 9. Bd3 Bg4 10. Qc2 Bxf3 11. gxf3 Nbd7 12. O-O Re8 13. Rad1 Nf8 14. Kh1 Bd6
15. Rg1 Nh5 16. f4 Qh4 17. Rg2 Re6 18. Ne2 Bc7 19. Ng1 Qd8 20. Nf3 Rh6 21. Ne5
Qe8 22. Ng4 Rd6 23. Ba3 Rdd8 24. Rdg1 Bd6 25. Bb2 Kh8 26. Qd1 g6 27. Qf3 f5 28.
Ne5 Bxe5 29. fxe5 Ne6 30. Qh3 Qf7 31. Be2 Neg7 32. Ba3 Rd7 33. Qh4 Re8 34. Bf3
c5 35. dxc5 bxc5 36. Bxc5 Kg8 37. Bd4 Re6 38. Bxh5 Nxh5 39. Qxh5 f4 40. Qg4 fxe3
41. fxe3 Rc7 42. Qf4 Qe7 43. Rf2 Rec6 44. Rgf1 Rc1 45. Rxc1 Rxc1+ 46. Kg2 Rc8
47. Qf6 1-0

[Event "Mondiale Lampo FIDE 2019"]
[Site "Mosca"]
[Date "29.12.2019"]
[Round "2.82"]
[White "Studer, Noel"]
[Black "Christiansen, Johan-Sebastian"]
[Result "1-0"]
[WhiteTitle "GM"]
[BlackTitle "GM"]
[WhiteElo "2546"]
[BlackElo "2597"]
[WhiteFideId "1319620"]
[BlackFideId "1512668"]
[EventDate "2019.12.29"]

1. d4 Nf6 2. c4 c5 3. d5 b5 4. cxb5 a6 5. bxa6 g6 6. Nc3 Bg7 7. e4 O-O 8. a7
Rxa7 9. Nf3 e6 10. Be2 exd5 11. exd5 d6 12. O-O Re8 13. Nb5 Rae7 14. Bc4 Bb7 15.
Bg5 h6 16. Bxf6 Bxf6 17. Rb1 Na6 18. Qd2 Kg7 19. Rfe1 Rxe1+ 20. Rxe1 Rxe1+ 21.
Nxe1 Qe7 22. b3 Nb4 23. Nf3 g5 24. h3 h5 25. a3 Na6 26. Ne1 Nb8 27. Nc2 Qe5 28.
Ne3 Nd7 29. Qc2 Qa1+ 30. Kh2 Be5+ 31. g3 h4 32. Nxd6 hxg3+ 33. fxg3 Ba8 34.
Ndf5+ Kf8 35. Ng4 Bc7 36. Qf2 Be5 37. Nfh6 f6 38. Nxe5 Qxe5 39. Ng4 Qc3 40. a4
Kf7 41. Nh6+ Kf8 42. Ng4 Kf7 43. Qe2 Kf8 44. Qf2 Kf7 45. d6+ Kg7 46. Ne3 Qc1 47.
Bd5 Bxd5 48. Nxd5 Qa1 49. Ne3 Ne5 50. Ng4 Nd3 51. Qe2 Qd4 52. Qe7+ Kg6 53. Qe8+
Kg7 54. Qe3 Qb2+ 55. Kg1 Qb1+ 56. Kg2 Qc2+ 57. Nf2 Ne5 58. a5 Qa2 59. Qxc5 Qd2
60. Qc7+ Kg6 61. Qb7 Qxd6 62. Qe4+ f5 63. Qb7 Nc6 64. Qb5 f4 65. Qd3+ Qxd3 66.
Nxd3 Nxa5 67. b4 Nc4 68. gxf4 gxf4 69. Nxf4+ Kf5 70. Nd5 Ke5 71. Nc3 Kd4 72. Na4
Kd5 73. Kf3 Kc6 74. Nc3 Nd2+ 75. Kf4 Nc4 76. h4 Kd6 77. Kg5 Ne5 78. Kf5 Nc6 79.
b5 Nd4+ 80. Kf6 Ne6 81. Ne4+ Kd5 82. Nc3+ Kd6 83. h5 Nf8 84. h6 Kd7 85. Kf7 Nh7
86. Kg7 Ng5 87. h7 1-0

[Event "Mondiale Lampo FIDE 2019"]
[Site "Mosca"]
[Date "29.12.2019"]
[Round "2.83"]
[White "Afanasiev, Nikita"]
[Black "Deviatkin, Andrei"]
[Result "1/2-1/2"]
[WhiteTitle "IM"]
[BlackTitle "GM"]
[WhiteElo "2517"]
[BlackElo "2436"]
[WhiteFideId "24183555"]
[BlackFideId "4121260"]
[EventDate "2019.12.29"]

1. e4 c6 2. Nc3 d5 3. Nf3 a6 4. h3 d4 5. Ne2 c5 6. c3 Nc6 7. d3 e5 8. g3 g6 9.
Bg2 Bg7 10. O-O Nge7 11. a3 a5 12. cxd4 cxd4 13. Nd2 O-O 14. f4 exf4 15. gxf4 f5
16. Qb3+ Kh8 17. e5 a4 18. Qa2 Ra6 19. b4 axb3 20. Qxb3 Na5 21. Qd1 Be6 22. Rb1
Bd5 23. Nf3 Nac6 24. Rb5 Ra5 25. Rxa5 Qxa5 26. Nexd4 Nxd4 27. Nxd4 Bxg2 28. Kxg2
Rd8 29. Nf3 Nd5 30. Qb3 Qc7 31. Bd2 h6 32. Rc1 Qd7 33. Rc4 Kh7 34. a4 b6 35. Rd4
Qc6 36. Qb5 Qa8 37. Rc4 Qb7 38. Rc6 Nc7 39. Qxb6 Qxb6 40. Rxb6 Rxd3 41. Rd6 Ra3
42. Rd4 Ne6 43. Rc4 Ra2 44. Kf1 g5 45. fxg5 hxg5 46. Nxg5+ Nxg5 47. Bxg5 Bxe5
48. Rc5 Kg6 49. Be3 Bg3 50. Rc4 Rb2 51. Bd4 Ra2 52. Bb6 f4 53. a5 f3 54. Rc1 Rh2
55. Bg1 Rh1 56. Rc3 Bh2 57. Rxf3 Rxg1+ 58. Kf2 Ra1 59. Kg2 Be5 60. Rb3 Kf5 61.
Kf3 Rxa5 62. Rb7 Ra3+ 63. Ke2 Ke4 64. Re7 Ra2+ 65. Ke1 Rh2 66. h4 Rxh4 67. Re8
Rh2 68. Re7 Kd4 69. Re8 Ra2 70. Kf1 Ke4 71. Ke1 Rb2 72. Re7 Rb8 73. Ke2 Rh8 74.
Ke1 Rh2 75. Re8 Kf4 76. Kd1 Bc3 77. Re2 Rh3 78. Kc2 Bd4 79. Re8 Be5 80. Kd2 Ke4
81. Ke2 Rh2+ 82. Ke1 Rg2 83. Re7 Kf4 84. Kd1 Bd4 85. Re2 Rg3 86. Re8 Ra3 87. Kd2
Rb3 88. Rf8+ Ke4 89. Re8+ Be5 90. Ke2 Re3+ 91. Kd2 Ra3 92. Ke2 Ra2+ 93. Ke1 Kd4
94. Kf1 Bf4 95. Re2 Ra7 96. Re8 Kd3 97. Kf2 Rf7 98. Kf3 Be3+ 99. Kg4 Rf4+ 100.
Kh5 Ke2 101. Kg6 Kf3 102. Kg7 Bd4+ 103. Kg6 Kg4 104. Re6 Bc3 105. Rc6 Be5 106.
Re6 Rf5 107. Ra6 Rg5+ 108. Kf7 Rg7+ 109. Ke8 Kf5 110. Rb6 Ra7 111. Rc6 Ke4 112.
Rg6 Kd5 113. Rb6 Bd6 114. Rb3 Ke6 115. Re3+ Be5 116. Rd3 Rh7 117. Rf3 Rg7 118.
Rf1 Ra7 119. Rd1 Rb7 120. Rd3 Rb8+ 121. Rd8 Rb1 122. Rd2 Rh1 123. Rf2 Rh8+ 124.
Rf8 Rh7 125. Rf1 Re7+ 126. Kd8 Rb7 127. Rc1 Ra7 128. Rc2 Rd7+ 129. Kc8 Ra7 130.
Rc1 Rf7 131. Rc2 Bd6 132. Re2+ Be5 133. Rc2 Re7 134. Rc1 Rh7 135. Rc2 Rh8+ 136.
Kb7 Rb8+ 137. Ka7 Rb3 138. Ka6 Kd5 139. Rc8 Bd4 140. Ka5 Bc5 141. Ka4 Rb4+ 142.
Ka5 Kc4 143. Rh8 Rb1 144. Rh4+ Bd4 145. Ka6 Rb6+ 146. Ka5 Rb7 147. Rh6 Rb1 148.
Ka6 Rb2 149. Rg6 Ra2+ 150. Kb7 Ra7+ 151. Kb8 Rf7 152. Kc8 Kd5 153. Kd8 Bc5 1/2-1/2

[Event "Mondiale Lampo FIDE 2019"]
[Site "Mosca"]
[Date "29.12.2019"]
[Round "2.84"]
[White "Zvjaginsev, Vadim"]
[Black "Lobanov, Sergei"]
[Result "1-0"]
[WhiteTitle "GM"]
[BlackTitle "IM"]
[WhiteElo "2627"]
[BlackElo "2504"]
[WhiteFideId "4113403"]
[BlackFideId "24183750"]
[EventDate "2019.12.29"]

1. e4 c6 2. d4 d5 3. exd5 cxd5 4. Bd3 Nc6 5. c3 Nf6 6. h3 g6 7. Nf3 Bf5 8. Be2
Qc7 9. O-O h5 10. Na3 e6 11. Nb5 Qb8 12. g3 Bxh3 13. Bf4 Qd8 14. Nc7+ Kd7 15.
Nxa8 Bxf1 16. Bxf1 Qxa8 17. Ne5+ Nxe5 18. Bxe5 Be7 19. Bb5+ Kd8 20. Qf3 1-0

[Event "Mondiale Lampo FIDE 2019"]
[Site "Mosca"]
[Date "29.12.2019"]
[Round "2.85"]
[White "Popov, Ivan RUS"]
[Black "Faizrakhmanov, Ramil"]
[Result "1-0"]
[WhiteTitle "GM"]
[BlackTitle "IM"]
[WhiteElo "2636"]
[BlackElo "2434"]
[WhiteFideId "4170350"]
[BlackFideId "24103209"]
[EventDate "2019.12.29"]

1. e4 c6 2. Nf3 d5 3. d3 Bg4 4. h3 Bh5 5. Qe2 e6 6. g4 Bg6 7. h4 h6 8. Ne5 Bh7
9. Nd2 Nd7 10. Nxd7 Qxd7 11. Bg2 Be7 12. e5 h5 13. gxh5 Nh6 14. Nf3 Bf5 15. Nd4
Bg4 16. Bf3 Bxf3 17. Qxf3 c5 18. Ne2 Nf5 19. Bg5 O-O-O 20. O-O-O Rdf8 21. Bxe7
Qxe7 22. Ng3 Nd4 23. Qg4 Rh7 24. c3 Nc6 25. Rde1 Qc7 26. f4 d4 27. Ne4 dxc3 28.
bxc3 Rd8 29. Rd1 Qa5 30. Qg2 Rxh5 31. Kb2 g6 32. Nd6+ Rxd6 33. exd6 Rd5 34. Qe4
Rxd6 35. h5 gxh5 1-0

[Event "Mondiale Lampo FIDE 2019"]
[Site "Mosca"]
[Date "29.12.2019"]
[Round "2.86"]
[White "Gurvich, Vitaly"]
[Black "Guseinov, Gadir"]
[Result "0-1"]
[WhiteTitle "FM"]
[BlackTitle "GM"]
[WhiteElo "2230"]
[BlackElo "2666"]
[WhiteFideId "24164852"]
[BlackFideId "13401378"]
[EventDate "2019.12.29"]

1. d4 Nf6 2. c4 g6 3. Nc3 Bg7 4. e4 d6 5. Be2 O-O 6. Bg5 Na6 7. Qd2 e5 8. d5 c6
9. h4 Nc5 10. f3 cxd5 11. cxd5 h5 12. Nh3 Bd7 13. Nf2 Qa5 14. Rb1 Na4 15. b4 Qc7
16. Nxa4 Bxa4 17. Rc1 Qd7 18. Bd3 Nh7 19. Ke2 f5 20. Rc3 Nxg5 21. hxg5 f4 22.
Rhc1 Qd8 23. Nh3 Bd7 24. Kf1 Rf7 25. Qf2 Bxh3 26. gxh3 Qxg5 27. Qg2 Qf6 28. Rc8+
Rxc8 29. Rxc8+ Kh7 30. a3 Bh6 31. a4 Bg5 32. Qf2 b6 33. Qc2 Bh6 34. Qg2 Bf8 35.
Bb5 Be7 36. Bd7 Bd8 37. Be6 Rc7 38. Rxc7+ Bxc7 39. Qc2 Bd8 40. Qf2 Kh6 41. Ke2
Qe7 42. Kd3 Qg5 43. Ke2 Kg7 44. b5 Qe7 45. Kd3 Kh6 46. Qg2 Qh4 47. Ke2 Qe7 48.
Kd3 Kh7 49. Ke2 Qc7 50. Kd3 Qc1 51. Qe2 Qa3+ 52. Kd2 Qxa4 53. Qd3 Qb4+ 54. Kc2
Kh6 55. Bd7 Bh4 56. Qc3 Qa4+ 57. Qb3 Qd4 58. Qd3 Qf2+ 59. Kb3 Qe1 60. Be8 Bf2
61. Qc2 Bc5 62. Qg2 Qg3 63. Qf1 Kg5 64. Bd7 Kh4 65. Be6 g5 66. Kc4 Qf2 67. Qxf2+
Bxf2 68. Kd3 Kg3 69. Ke2 Bc5 70. Bf5 Bd4 71. Be6 Kg2 72. Bf5 Bf2 73. Be6 Bh4 74.
Bf7 g4 75. hxg4 hxg4 76. Bh5 g3 0-1

[Event "Mondiale Lampo FIDE 2019"]
[Site "Mosca"]
[Date "29.12.2019"]
[Round "2.87"]
[White "Guliyev, Namig"]
[Black "Belousov, Danila"]
[Result "0-1"]
[WhiteTitle "GM"]
[BlackTitle "FM"]
[WhiteElo "2548"]
[BlackElo "2274"]
[WhiteFideId "13400363"]
[BlackFideId "4167350"]
[EventDate "2019.12.29"]

1. e4 d5 2. exd5 Qxd5 3. Nc3 Qd6 4. d4 Nf6 5. Nf3 Bg4 6. h3 Bh5 7. Nb5 Qb6 8. a4
c6 9. a5 Qd8 10. Nc3 Nbd7 11. Be2 e6 12. O-O Bd6 13. Ne5 Bg6 14. a6 Qc7 15. axb7
Qxb7 16. Nxg6 hxg6 17. Bf3 O-O 18. Qe2 Nb6 19. Ne4 Be7 20. Nc5 Qc7 21. c3 a5 22.
Nd3 Bd6 23. g3 a4 24. Kg2 Rfd8 25. h4 Ra5 26. Re1 Rb5 27. Ne5 Bxe5 28. dxe5 Nfd7
29. Bf4 Nd5 30. Rxa4 Nc5 31. Rd4 Nxf4+ 32. gxf4 Rxd4 33. cxd4 Nb3 34. Rd1 Rb4
35. Qe3 Qb6 36. h5 gxh5 37. Bxh5 0-1

[Event "Mondiale Lampo FIDE 2019"]
[Site "Mosca"]
[Date "29.12.2019"]
[Round "2.88"]
[White "Bologan, Victor"]
[Black "Yagupov, Igor"]
[Result "0-1"]
[WhiteTitle "GM"]
[BlackTitle "GM"]
[WhiteElo "2574"]
[BlackElo "2357"]
[WhiteFideId "13900048"]
[BlackFideId "4113632"]
[EventDate "2019.12.29"]

1. e4 c5 2. Nf3 e6 3. d3 Nc6 4. g3 g6 5. Bg2 Bg7 6. O-O Nge7 7. c3 O-O 8. Be3 b6
9. d4 cxd4 10. cxd4 d5 11. e5 f6 12. exf6 Bxf6 13. Nc3 Nf5 14. Re1 Bd7 15. Qd2
Rc8 16. Rad1 Qe7 17. Bf4 Qg7 18. Be5 Nxe5 19. Nxe5 Bxe5 20. Rxe5 Rc4 21. Rxd5
Bc6 22. b3 Bxd5 23. bxc4 Bxc4 24. d5 Rd8 25. Qe1 exd5 26. Bxd5+ Bxd5 27. Nxd5
Kh8 28. Rd3 h6 29. Qd1 Re8 30. Nf4 g5 31. Nd5 Qe5 32. Qf3 Kg7 33. Ne3 Nxe3 34.
Rxe3 Qa1+ 35. Kg2 Rxe3 36. Qxe3 Qxa2 37. Qe5+ Kf7 38. Qf5+ Kg7 39. Qe5+ Kg6 40.
Qe4+ Kf6 41. Qd4+ Ke6 42. Qe4+ Kd6 43. Qg6+ Qe6 44. Qg7 a5 45. f4 gxf4 46. gxf4
Qe4+ 47. Kg3 Qe1+ 48. Kh3 Qe5 0-1

[Event "Mondiale Lampo FIDE 2019"]
[Site "Mosca"]
[Date "29.12.2019"]
[Round "2.89"]
[White "Bosiocic, Marin"]
[Black "Gukesh, D"]
[Result "1-0"]
[WhiteTitle "GM"]
[BlackTitle "GM"]
[WhiteElo "2623"]
[BlackElo "2547"]
[WhiteFideId "14507927"]
[BlackFideId "46616543"]
[EventDate "2019.12.29"]

1. d4 Nf6 2. Nf3 e6 3. g3 b6 4. Bg2 Bb7 5. c4 Be7 6. O-O O-O 7. Re1 d5 8. cxd5
exd5 9. Nc3 Nbd7 10. Bf4 a6 11. Rc1 Re8 12. Ne5 Bd6 13. Nxd7 Qxd7 14. Bxd6 Qxd6
15. Qc2 Rac8 16. e3 h5 17. Qf5 g6 18. Qg5 Kg7 19. h3 c5 20. dxc5 Rxc5 21. Qf4
Qxf4 22. gxf4 Rec8 23. Ne2 Rc2 24. Rxc2 Rxc2 25. Nd4 Rxb2 26. Rc1 Ne8 27. a3 Ra2
28. Rc3 Ra1+ 29. Kh2 Kf6 30. Bf3 Ke7 31. Nc6+ Bxc6 32. Rxc6 Rxa3 33. Bxd5 Nf6
34. Bf3 b5 35. Rb6 Nd7 36. Rb7 Kd6 37. Kg2 Ra2 38. f5 Ne5 39. fxg6 fxg6 40. Be4
Kc5 41. Rc7+ Kb4 42. Re7 Nc4 43. Bxg6 Kc3 44. Bxh5 b4 45. Bg6 b3 46. h4 b2 47.
h5 Ra5 48. Rb7 Nd2 49. f4 Ra1 50. h6 Ra4 51. h7 Ra2 52. h8=Q+ 1-0

[Event "Mondiale Lampo FIDE 2019"]
[Site "Mosca"]
[Date "29.12.2019"]
[Round "2.90"]
[White "Mesropov, Konstantin"]
[Black "Predke, Alexandr"]
[Result "0-1"]
[WhiteTitle "IM"]
[BlackTitle "GM"]
[WhiteElo "2422"]
[BlackElo "2676"]
[WhiteFideId "4116887"]
[BlackFideId "24107581"]
[EventDate "2019.12.29"]

1. d4 Nf6 2. Bg5 Ne4 3. Bf4 d5 4. e3 Bf5 5. Bd3 e6 6. Nf3 Bd6 7. O-O Nd7 8. c3
O-O 9. Qe2 Bxf4 10. exf4 c5 11. Nbd2 Nxd2 12. Qxd2 Bxd3 13. Qxd3 Rc8 14. g3 cxd4
15. Qxd4 Qb6 16. Qd2 Rfd8 17. Nd4 Nf6 18. Kg2 Ne4 19. Qe2 g6 20. h4 h5 21. Rad1
Kg7 22. f3 Nf6 23. Rd2 a6 24. Qe5 Qc7 25. Re1 Qxe5 26. fxe5 Nd7 27. Kh3 b5 28.
a3 Rc4 29. Re3 Nb6 30. Rf2 Rc5 31. g4 Rh8 32. Re1 Nc4 33. Ree2 Rc7 34. Kg3 Rb7
35. Re1 a5 36. Ra1 b4 37. axb4 axb4 38. g5 Nxe5 39. Re2 Nc4 40. Ra6 bxc3 41.
bxc3 Re8 42. f4 Kf8 43. Rea2 Rc8 44. R6a4 Nd6 45. Ra8 Rc7 46. Rxc8+ Rxc8 47. Kg2 0-1

[Event "Mondiale Lampo FIDE 2019"]
[Site "Mosca"]
[Date "29.12.2019"]
[Round "2.91"]
[White "Nozdrachev, Vladislav"]
[Black "Blohberger, Felix"]
[Result "1-0"]
[WhiteTitle "IM"]
[BlackTitle "IM"]
[WhiteElo "2494"]
[BlackElo "2434"]
[WhiteFideId "24113441"]
[BlackFideId "1632051"]
[EventDate "2019.12.29"]

1. d4 Nf6 2. Nf3 d5 3. c4 e6 4. Nc3 Bb4 5. e3 O-O 6. Bd3 dxc4 7. Bxc4 c5 8. O-O
b6 9. a3 Bxc3 10. bxc3 Qc7 11. Ne5 Ba6 12. Bxa6 Nxa6 13. Bb2 Nb8 14. f3 Nc6 15.
Nxc6 Qxc6 16. e4 Rfd8 17. Qe2 Rac8 18. Rac1 Qa4 19. Rfd1 Qb3 20. h3 h6 21. Kh2
Rd7 22. dxc5 Rxc5 23. e5 Nd5 24. Rd4 b5 25. c4 bxc4 26. Rcxc4 Rdc7 27. Rxc5 Rxc5
28. Rd2 Rc4 29. Qd1 Qxd1 30. Rxd1 Rc2 31. Bd4 a5 32. Kg3 a4 33. Rb1 g5 34. Rb2
Rc4 35. Rd2 Kg7 36. h4 Kg6 37. hxg5 hxg5 38. Kf2 Kf5 39. g4+ Kg6 40. Kg3 Rc1 41.
Rh2 Rd1 42. Bc5 Rd3 43. Rh8 Kg7 44. Rh5 Kg6 45. Bf8 f6 46. Rh6+ Kf7 47. Bd6 f5 1-0

[Event "Mondiale Lampo FIDE 2019"]
[Site "Mosca"]
[Date "29.12.2019"]
[Round "2.92"]
[White "Pogosyan, Stefan"]
[Black "Pigusov, Evgeny"]
[Result "0-1"]
[WhiteTitle "IM"]
[BlackTitle "GM"]
[WhiteElo "2459"]
[BlackElo "2555"]
[WhiteFideId "34159867"]
[BlackFideId "4100514"]
[EventDate "2019.12.29"]

1. d4 Nf6 2. c4 c5 3. d5 e6 4. Nc3 exd5 5. cxd5 d6 6. e4 g6 7. h3 Bg7 8. Nf3 O-O
9. Bd3 a6 10. a4 Re8 11. O-O b6 12. Bf4 Ra7 13. Nd2 Nh5 14. Bh2 Bh6 15. Ne2 Qf6
16. Nc4 Nf4 17. Nxf4 Bxf4 18. Bxf4 Qxf4 19. Nxb6 Rb7 20. a5 Bd7 21. Qc1 Qh4 22.
Qe3 Bb5 23. Rfe1 Rbe7 24. Bxb5 axb5 25. f3 Na6 26. Qe2 Nb4 27. Rec1 f5 28. Qxb5
fxe4 29. fxe4 Rxe4 30. a6 Re2 31. a7 Qf2+ 0-1

[Event "Mondiale Lampo FIDE 2019"]
[Site "Mosca"]
[Date "29.12.2019"]
[Round "2.93"]
[White "Sanal, Vahap"]
[Black "Makoveev, Ilya"]
[Result "1-0"]
[WhiteTitle "GM"]
[BlackTitle "FM"]
[WhiteElo "2549"]
[BlackElo "2277"]
[WhiteFideId "6300545"]
[BlackFideId "34155748"]
[EventDate "2019.12.29"]

1. e4 c5 2. Nc3 d6 3. Bb5+ Nd7 4. d4 cxd4 5. Qxd4 a6 6. Bxd7+ Bxd7 7. Qd3 b5 8.
Bg5 h6 9. Bh4 g5 10. Bg3 Bg7 11. Nf3 Nf6 12. O-O b4 13. Ne2 Bb5 14. Qe3 Ng4 15.
Qd2 Bxb2 16. Rab1 Bg7 17. Nfd4 Bd7 18. Rxb4 O-O 19. Nf5 Bxf5 20. exf5 Nf6 21. h4
d5 22. hxg5 Ne4 23. Qc1 hxg5 24. Rd1 Nxg3 25. Nxg3 e6 26. Rg4 Bh6 27. Qa1 Kh7
28. Nh5 exf5 29. Rxd5 Qxd5 30. Nf6+ Kg6 31. Nxd5 fxg4 32. Qf6+ Kh7 33. Qf5+ Kg7
34. Qf6+ Kh7 35. Ne7 Rae8 36. g3 Bg7 37. Qxg5 f6 38. Qh5+ Bh6 39. Qg6+ 1-0

[Event "Mondiale Lampo FIDE 2019"]
[Site "Mosca"]
[Date "29.12.2019"]
[Round "2.94"]
[White "Aravindh, Chithambaram VR."]
[Black "Usov, Aleksandr E."]
[Result "1-0"]
[WhiteTitle "GM"]
[WhiteElo "2605"]
[BlackElo "2012"]
[WhiteFideId "5072786"]
[BlackFideId "24257109"]
[EventDate "2019.12.29"]

1. b3 Nf6 2. Bb2 g6 3. g3 Bg7 4. c4 O-O 5. Bg2 e6 6. Nf3 d5 7. O-O b6 8. cxd5
exd5 9. d3 Bb7 10. Nbd2 c5 11. d4 Ne4 12. Qc2 cxd4 13. Bxd4 Nxd2 14. Qxd2 Nc6
15. Bxg7 Kxg7 16. Rfd1 Ne7 17. Nd4 Qd7 18. h4 Rfd8 19. h5 Nf5 20. Bh3 h6 21.
Bxf5 gxf5 22. Qf4 Kh7 23. Nxf5 Qe6 24. Nd4 Qe7 25. Rd3 Rd7 26. Re3 Qg5 27. Qxg5
hxg5 28. Rc1 Rc8 29. Rxc8 Bxc8 30. f3 a6 31. Kf2 Rc7 32. Re5 f6 33. Rxd5 Rd7 34.
Rxd7+ Bxd7 35. g4 Kg8 36. b4 b5 37. a3 Kf7 38. Nb3 Be6 39. Nc5 Bc8 40. Ke3 Ke7
41. Ke4 1-0

[Event "Mondiale Lampo FIDE 2019"]
[Site "Mosca"]
[Date "29.12.2019"]
[Round "2.95"]
[White "Zarubitski, Viachaslau"]
[Black "Laznicka, Viktor"]
[Result "1-0"]
[WhiteTitle "IM"]
[BlackTitle "GM"]
[WhiteElo "2451"]
[BlackElo "2648"]
[WhiteFideId "13509373"]
[BlackFideId "316385"]
[EventDate "2019.12.29"]

1. e4 d5 2. Nc3 dxe4 3. Nxe4 Bf5 4. Ng3 Bg6 5. Bc4 Nf6 6. d4 e6 7. c3 c5 8. Nf3
Nc6 9. dxc5 Qxd1+ 10. Kxd1 Bxc5 11. Ke2 Ke7 12. Be3 Bxe3 13. Kxe3 Rac8 14. Rhd1
Nb4 15. Bb3 Nbd5+ 16. Ke2 Nf4+ 17. Kf1 Nd3 18. Rd2 h5 19. Nh4 Bh7 20. Ngf5+ exf5
21. Rxd3 Rhd8 22. Re1+ Kf8 23. Red1 Rxd3 24. Rxd3 Ke7 25. Nf3 Bg6 26. Ne5 Rc7
27. Nxg6+ fxg6 28. Rg3 Ng4 29. h3 Ne5 30. f4 Nc4 31. Rxg6 Kf8 32. Bxc4 Rxc4 33.
g3 h4 34. Rg5 g6 35. Rxg6 Kf7 36. Rg5 Kf6 37. Kf2 b5 38. Rh5 hxg3+ 39. Kxg3 b4
40. cxb4 Rxb4 41. b3 Kg6 42. Rh8 Rd4 43. Ra8 Rd7 44. Kf3 Rd3+ 45. Ke2 Rd7 46.
Ke3 Kf6 47. b4 Ke6 48. Re8+ Kf6 49. Rf8+ Ke6 50. Re8+ Kf6 51. Re5 Rh7 52. Ra5
Rxh3+ 53. Kd4 Rf3 54. Ra6+ Ke7 1-0